[Event "Sparkassen-Open B"]
[Site "Heusenstamm, Martinsee"]
[Date "2021.11.19"]
[Round "2.5"]
[White "Bardorz, Christoph"]
[Black "Wolff, Sidney Robert"]
[Result "1-0"]
[WhiteElo "1764"]
[BlackElo "1604"]
[PlyCount "103"]
[EventDate "2021.??.??"]
[WhiteTeam "TSV Rottendorf"]
[BlackTeam "Heilbronner SV"]

1. e4 d5 2. exd5 Qxd5 3. Nc3 Qa5 4. Bc4 Nf6 5. d3 c6 6. Qe2 Bg4 7. f3 Bf5 8.
Bd2 Qc7 9. g4 Bg6 10. f4 h5 11. g5 Nfd7 12. O-O-O b5 13. Bb3 Nc5 14. Nf3 Nxb3+
15. axb3 Nd7 16. Nh4 Bh7 17. Rhf1 Bg8 18. f5 a5 19. Bf4 Qb7 20. Ne4 O-O-O 21.
Qe3 Re8 22. Nd6+ exd6 23. Qxe8+ Kc7 24. f6 gxf6 25. gxf6 Qc8 26. Qxc8+ Kxc8 27.
Bg5 Bh7 28. Nf5 Kc7 29. d4 Rg8 30. h4 Nb6 31. Rde1 Nd5 32. Re8 Kd7 33. Ra8 Nc7
34. Rxa5 Ke6 35. Ng3 Bg6 36. c4 d5 37. Re1+ Kd7 38. c5 Ne6 39. Ra7+ Kc8 40. Ne2
Nxg5 41. hxg5 Kb8 42. Ra1 h4 43. Rh1 Bh5 44. Nf4 Rxg5 45. Nxh5 Bh6 46. Kc2 Rxh5
47. Rae1 Rf5 48. Re8+ Kc7 49. Rhe1 Rf2+ 50. Kb1 Bf8 51. Rxf8 h3 52. Re7# 1-0

[Event "Sparkassen-Open B"]
[Site "Heusenstamm, Martinsee"]
[Date "2021.11.19"]
[Round "2.6"]
[White "Kirchner, Stefan"]
[Black "Tojcic, Josip"]
[Result "0-1"]
[WhiteElo "1598"]
[BlackElo "1756"]
[PlyCount "110"]
[EventDate "2021.??.??"]
[WhiteTeam "SF Schöneck"]
[BlackTeam "VL Frankfurt"]

1. e4 d5 2. exd5 Qxd5 3. d4 c6 4. Nc3 Qd8 5. Nf3 Bf5 6. Bc4 Nf6 7. h3 e6 8. a3
Be7 9. Be3 Nbd7 10. Qd2 Ne4 11. Nxe4 Bxe4 12. O-O Bxf3 13. gxf3 Nf6 14. Rfe1
Nd5 15. Bxd5 Qxd5 16. Qe2 Qf5 17. f4 Qxh3 18. Qf1 Qf5 19. c3 h5 20. f3 Rh6 21.
Re2 Rg6+ 22. Rg2 Bd6 23. Rxg6 Qxg6+ 24. Qg2 Qxg2+ 25. Kxg2 Ke7 26. Rg1 a5 27.
Kh3 g6 28. Rg5 Bc7 29. a4 Kd6 30. c4 Bd8 31. c5+ Kd7 32. Rg2 b5 33. axb5 cxb5
34. Rc2 Kc6 35. b3 Bf6 36. Kg2 a4 37. b4 Ra6 38. Kf2 Kd5 39. Ke2 Rc6 40. Kd3
Bh4 41. Rg2 Ra6 42. Bd2 Ra8 43. Re2 Bf6 44. Be3 h4 45. Rc2 Kc6 46. Rd2 h3 47.
Rh2 Rh8 48. Ke4 Rh5 49. Bc1 Bg7 50. Be3 f5+ 51. Kd3 Kd5 52. Bg1 Bh6 53. Ke3 g5
54. fxg5 Rxg5 55. Kf2 Rg2+ 0-1

[Event "Sparkassen-Open B"]
[Site "Heusenstamm, Martinsee"]
[Date "2021.11.19"]
[Round "2.7"]
[White "Leichum, Engelbert"]
[Black "Bauer, Ottmar"]
[Result "0-1"]
[WhiteElo "1603"]
[BlackElo "1750"]
[PlyCount "40"]
[EventDate "2021.??.??"]
[WhiteTeam "VL Frankfurt"]
[BlackTeam "TSV Rottendorf"]

1. e4 c6 2. d4 d5 3. Nc3 dxe4 4. Bc4 Nf6 5. Bg5 Nbd7 6. Nge2 b5 7. Bb3 Bb7 8.
a3 e6 9. Ng3 Be7 10. Ncxe4 O-O 11. O-O Qc7 12. Nxf6+ Nxf6 13. c3 c5 14. Bxf6
Bxf6 15. Nh5 Rad8 16. Nxf6+ gxf6 17. Qg4+ Kh8 18. Bc2 Rg8 19. Qh4 Rxg2+ 20. Kh1
Rxh2+ 0-1

[Event "Sparkassen-Open B"]
[Site "Heusenstamm, Martinsee"]
[Date "2021.11.19"]
[Round "2.8"]
[White "Bigott, Martin"]
[Black "Traut, Stefan"]
[Result "1-0"]
[WhiteElo "1745"]
[BlackElo "1589"]
[PlyCount "83"]
[EventDate "2021.??.??"]
[WhiteTeam "SK Köln-Südwest"]
[BlackTeam "SF Heusenstamm"]

1. d4 Nf6 2. Nf3 c5 3. d5 e6 4. dxe6 fxe6 5. Nc3 d5 6. Bg5 Be7 7. e3 O-O 8. Bd3
Nc6 9. O-O b6 10. Re1 Bb7 11. e4 d4 12. Ne2 Ne8 13. Bxe7 Qxe7 14. Ng3 a6 15. a3
b5 16. c4 b4 17. e5 g6 18. a4 a5 19. b3 Ng7 20. Ne4 Ne8 21. Ra2 Nd8 22. Qd2
Bxe4 23. Bxe4 Rc8 24. Bd3 Nf7 25. Qf4 Ng7 26. g4 Nd8 27. Qg3 Qf7 28. Kg2 Qf4
29. Qxf4 Rxf4 30. Kg3 Rf8 31. Ng5 Nf7 32. Nf3 Rc7 33. Nd2 Ne8 34. h4 Nh6 35. f4
Kh8 36. Ne4 Ng8 37. Rh2 Rc6 38. h5 Ne7 39. Ng5 h6 40. hxg6 Kg7 41. Reh1 Nxg6
42. Rxh6 1-0

[Event "Sparkassen-Open B"]
[Site "Heusenstamm, Martinsee"]
[Date "2021.11.19"]
[Round "2.9"]
[White "Pichl, Christoph"]
[Black "Steinke, Hans-Jörg"]
[Result "1/2-1/2"]
[WhiteElo "1528"]
[BlackElo "1745"]
[PlyCount "61"]
[EventDate "2021.??.??"]
[WhiteTeam "SK Bad Homburg"]
[BlackTeam "SV Erkenschwick"]

1. d4 d5 2. Bf4 Nf6 3. e3 e6 4. Nd2 Bd6 5. Bg3 h5 6. Ngf3 c5 7. c3 a6 8. Bd3 c4
9. Bc2 b5 10. e4 dxe4 11. Nxe4 Nxe4 12. Bxe4 Ra7 13. Qe2 O-O 14. O-O Bb7 15.
Rad1 Re8 16. Qc2 Bxe4 17. Qxe4 Bxg3 18. hxg3 Qd5 19. Rfe1 Qxe4 20. Rxe4 Rd7 21.
Re5 Rd5 22. Rde1 Red8 23. Rxd5 Rxd5 24. Ne5 g6 25. f4 Kg7 26. Kf2 f6 27. Nf3
Kf7 28. Nd2 Nd7 29. Ne4 a5 30. a3 Ke7 31. Kf3 1/2-1/2

[Event "Sparkassen-Open B"]
[Site "Heusenstamm, Martinsee"]
[Date "2021.11.19"]
[Round "2.10"]
[White "Ulrich, Helena Irene"]
[Black "Wartenberg, Alexander"]
[Result "0-1"]
[WhiteElo "1537"]
[BlackElo "1405"]
[PlyCount "72"]
[EventDate "2021.??.??"]
[WhiteTeam "SV Medizin Erfurt"]
[BlackTeam "Hamburger SK"]

1. e4 e5 2. Nf3 Nf6 3. Nxe5 d6 4. Nf3 Nxe4 5. Nc3 Nxc3 6. dxc3 Be6 7. Be3 Be7
8. Qd2 O-O 9. O-O-O Qe8 10. Kb1 Qa4 11. a3 d5 12. Nd4 Bd7 13. h4 Nc6 14. Nb3
Bf5 15. Bd3 Bxd3 16. Qxd3 Rad8 17. Nc5 Qg4 18. f3 Qg6 19. Qxg6 hxg6 20. Nxb7
Rb8 21. Nc5 Ne5 22. Bd4 Nc4 23. Nb3 a5 24. a4 c6 25. Ka2 Bd6 26. Rb1 Rfe8 27.
Rbe1 Bg3 28. Rxe8+ Rxe8 29. Nc5 Re2 30. b3 Nb6 31. Kb2 Rxg2 32. b4 axb4 33.
cxb4 Nc4+ 34. Kc1 Bf4+ 35. Kb1 Na3+ 36. Ka1 Nxc2+ 0-1

[Event "Sparkassen-Open B"]
[Site "Heusenstamm, Martinsee"]
[Date "2021.11.19"]
[Round "2.11"]
[White "Bengsch, Norbert"]
[Black "Boscher, Hans"]
[Result "1/2-1/2"]
[WhiteElo "1716"]
[BlackElo "1578"]
[PlyCount "73"]
[EventDate "2021.??.??"]
[WhiteTeam "SG Donautal Tuttlingen"]
[BlackTeam "SC Bad Soden"]

1. e4 e6 2. d4 d5 3. Nc3 Nf6 4. Bg5 dxe4 5. Nxe4 Be7 6. Bxf6 Bxf6 7. Nf3 Nd7 8.
Bd3 O-O 9. c3 b6 10. O-O Bb7 11. Qe2 Qe7 12. Rfe1 c5 13. Rad1 Rfd8 14. Ba6 Bxa6
15. Qxa6 cxd4 16. Nxf6+ Nxf6 17. Nxd4 Qc7 18. Nf3 Rd5 19. Rxd5 Nxd5 20. Rd1 Rd8
21. Qd3 Rd7 22. Qb5 Nf6 23. Rxd7 Qxd7 24. Qxd7 Nxd7 25. Nd4 Ne5 26. b4 Kf8 27.
Kf1 Ke8 28. Nb5 a5 29. bxa5 bxa5 30. Ke2 Kd7 31. f4 Nc4 32. Kd3 Nb6 33. c4 Kc6
34. Kd4 h6 35. Na7+ Kb7 36. Nb5 Kc6 37. Nc3 1/2-1/2

[Event "Sparkassen-Open B"]
[Site "Heusenstamm, Martinsee"]
[Date "2021.11.19"]
[Round "2.12"]
[White "Markosyan, Aleksandr"]
[Black "Vranckx, Oscar"]
[Result "1-0"]
[WhiteElo "1716"]
[BlackElo "1345"]
[PlyCount "73"]
[EventDate "2021.??.??"]
[WhiteTeam "SG Idstein"]
[BlackTeam "SF Mainz"]

1. e4 c5 2. c3 Nf6 3. e5 Nd5 4. d4 cxd4 5. cxd4 e6 6. Nf3 d6 7. Bc4 Nb6 8. Bb3
Nc6 9. Qe2 dxe5 10. dxe5 Bc5 11. O-O Qc7 12. Nc3 Nd4 13. Nxd4 Bxd4 14. Bf4 Bxc3
15. Rac1 O-O 16. Rxc3 Qe7 17. Re1 Bd7 18. Qg4 f6 19. Rc7 Rae8 20. f3 f5 21. Qg3
Qd8 22. Rec1 Rf7 23. Rxb7 Bc8 24. Rxf7 Kxf7 25. Bg5 Qd4+ 26. Kh1 h6 27. Qf4 Qd7
28. Qxf5+ Kg8 29. Be3 Nd5 30. Qd3 Bb7 31. Bd2 Qf7 32. Qd4 Ba8 33. Qg4 h5 34.
Qg3 Qd7 35. Bh6 Kh7 36. Bc2+ Kh8 37. Ba4 1-0

[Event "Sparkassen-Open B"]
[Site "Heusenstamm, Martinsee"]
[Date "2021.11.19"]
[Round "2.13"]
[White "Wartenberg, Alissa"]
[Black "Werner, Florin"]
[Result "1-0"]
[WhiteElo "1586"]
[BlackElo "1504"]
[PlyCount "93"]
[EventDate "2021.??.??"]
[WhiteTeam "Hamburger SK"]
[BlackTeam "VSG Offenbach"]

1. e4 e6 2. d4 d5 3. Nc3 Nf6 4. Bg5 Be7 5. e5 Nfd7 6. Bxe7 Qxe7 7. f4 a6 8. Nf3
c5 9. dxc5 Nxc5 10. Qd2 Nc6 11. a3 b5 12. b4 Nd7 13. Qe3 Bb7 14. Rd1 Rc8 15.
Ne2 O-O 16. Ned4 Rc7 17. Bd3 f6 18. O-O fxe5 19. fxe5 Nxd4 20. Nxd4 Rcc8 21.
Qh3 h6 22. Rfe1 Rce8 23. Bg6 Rb8 24. Qxe6+ Qxe6 25. Nxe6 Rfc8 26. Nd4 Rc3 27.
e6 Nf6 28. Rd3 Rc4 29. e7 Ne8 30. Bxe8 Rxe8 31. Nf5 Re4 32. Rxe4 dxe4 33. Rd8
Kf7 34. Rxe8 Kxe8 35. Nd6+ Kxe7 36. Nxb7 Ke6 37. Nc5+ Kd5 38. Kf2 Kd4 39. Nxa6
Kc3 40. Nc7 Kxc2 41. Ke3 Kb3 42. Nxb5 Ka4 43. Kxe4 Kxb5 44. Kd5 g6 45. g4 h5
46. g5 h4 47. h3 1-0

[Event "Sparkassen-Open B"]
[Site "Heusenstamm, Martinsee"]
[Date "2021.11.19"]
[Round "2.14"]
[White "Friedel, Thomas"]
[Black "Lasschuit, Rene"]
[Result "0-1"]
[WhiteElo "1576"]
[BlackElo "1665"]
[PlyCount "94"]
[EventDate "2021.??.??"]
[WhiteTeam "SV Groß-Gerau"]
[BlackTeam "SV Berolina Mitte"]

1. Nf3 c5 2. g3 Nc6 3. Bg2 g6 4. O-O Bg7 5. d3 d6 6. e4 Qb6 7. c3 e5 8. Nbd2
Nge7 9. Nc4 Qc7 10. Bg5 O-O 11. a4 Be6 12. Na3 a6 13. c4 h6 14. Bd2 f5 15. b3
f4 16. Nc2 g5 17. b4 Ng6 18. b5 Nce7 19. Bc3 g4 20. Nd2 h5 21. f3 Qd7 22. Rf2
h4 23. fxg4 hxg3 24. hxg3 fxg3 25. Rxf8+ Rxf8 26. Bf3 Nh4 27. Be2 Neg6 28. Nf3
Bxg4 29. Nxh4 Bxe2 30. Qxe2 Nxh4 31. Rf1 Qh3 32. Rxf8+ Bxf8 33. Ne3 Bh6 34.
Qg4+ Qxg4 35. Nxg4 Bf4 36. Ba5 Kf7 37. Bd8 Nf3+ 38. Kf1 Nd2+ 39. Kg2 Nb1 40.
Bh4 Nc3 41. a5 axb5 42. cxb5 Nxb5 43. Bxg3 Bd2 44. Bxe5 dxe5 45. Nxe5+ Ke6 46.
Nc4 Bc3 47. Kf3 Nd6 0-1

[Event "Sparkassen-Open B"]
[Site "Heusenstamm, Martinsee"]
[Date "2021.11.19"]
[Round "2.15"]
[White "Stosberg, Marc"]
[Black "Gräf, Jakob Vincent"]
[Result "1-0"]
[WhiteElo "1692"]
[BlackElo "1557"]
[PlyCount "57"]
[EventDate "2021.??.??"]
[WhiteTeam "Sfr. Mörfelden"]
[BlackTeam "SV Frankfurt Nord"]

1. e4 c6 2. d4 d5 3. Nc3 dxe4 4. Nxe4 Bf5 5. Ng3 Bg6 6. Nf3 h6 7. Ne5 Bh7 8.
Qh5 g6 9. Qf3 Nf6 10. Qb3 e6 11. Qxb7 Nbd7 12. Nxc6 Qc8 13. Ba6 Nb6 14. Qxc8+
Rxc8 15. Bxc8 Nxc8 16. h4 Bd6 17. Bxh6 Ng4 18. Bd2 Kd7 19. Ne5+ Nxe5 20. dxe5
Bxe5 21. O-O-O Ke7 22. Rhe1 f6 23. Ne4 Nb6 24. Bc3 Bf4+ 25. Kb1 e5 26. g3 Bh6
27. Nxf6 Bg7 28. Nd5+ Nxd5 29. Rxd5 1-0

[Event "Sparkassen-Open B"]
[Site "Heusenstamm, Martinsee"]
[Date "2021.11.19"]
[Round "2.16"]
[White "Mandalka, Justus"]
[Black "Spelleken, Hans-Gerd"]
[Result "0-1"]
[WhiteElo "1366"]
[BlackElo "1691"]
[PlyCount "134"]
[EventDate "2021.??.??"]
[WhiteTeam "SK Bad Homburg"]
[BlackTeam "SC Kahl"]

1. e4 d5 2. exd5 Qxd5 3. Nc3 Qd8 4. Bc4 Nf6 5. Nf3 Bf5 6. d3 e6 7. Be3 c6 8. a4
Bd6 9. Nd4 Qa5 10. Nb3 Qc7 11. h3 Nbd7 12. d4 Nd5 13. Bxd5 exd5 14. Qd2 Nb6 15.
O-O-O Nc4 16. Qe2 O-O 17. g4 Bd7 18. Nd2 Nxe3 19. fxe3 Bb4 20. Na2 c5 21. b3
Ba3+ 22. Kb1 c4 23. bxc4 Qb6+ 24. Nb3 Bxa4 25. c5 Bb5 26. Qf3 Qe6 27. Rhe1 Bc4
28. e4 dxe4 29. Qxe4 Bxb3 30. Qxe6 Bxe6 31. d5 Bd7 32. Re7 Rad8 33. d6 Bxc5 34.
Re5 b6 35. Nc3 Bc6 36. Nd5 Bxd6 37. Rg5 f6 38. Rf5 Kf7 39. c4 Be5 40. Kc2 Ba4+
41. Kc1 Bxd1 42. Kxd1 Rc8 43. Ne3 h6 44. Ke2 g6 45. Rf1 Rfe8 46. Kd3 Rcd8+ 47.
Nd5 b5 48. Rb1 bxc4+ 49. Kxc4 Rc8+ 50. Kd3 Ke6 51. Ne3 Re7 52. Rb5 Rd7+ 53. Ke2
Bc3 54. Kf3 a5 55. Rb6+ Rd6 56. Rb7 Bd2 57. Nf1 Rc3+ 58. Ke2 Rc2 59. Nxd2
Rcxd2+ 60. Ke1 Ra2 61. Rb5 a4 62. h4 a3 63. Ra5 Rb6 64. Ra6 Rxa6 65. Kd1 Rb6
66. Kc1 Rbb2 67. g5 Ra1# 0-1

[Event "Sparkassen-Open B"]
[Site "Heusenstamm, Martinsee"]
[Date "2021.11.19"]
[Round "2.17"]
[White "Köberl, Christiane"]
[Black "Schmid, Leon"]
[Result "0-1"]
[WhiteElo "1680"]
[BlackElo "1536"]
[PlyCount "108"]
[EventDate "2021.??.??"]
[WhiteTeam "VL Sulzbach"]
[BlackTeam "SF Heidesheim"]

1. e4 c5 2. Nc3 Nc6 3. f4 e6 4. Bb5 g6 5. Nf3 Nge7 6. O-O Bg7 7. a4 a6 8. Bc4
O-O 9. d3 d5 10. exd5 exd5 11. Bb3 d4 12. Ne4 b6 13. Nh4 Nf5 14. Nxf5 Bxf5 15.
g4 Bd7 16. Qf3 Ne7 17. Qh3 Qc8 18. Qh4 Nc6 19. h3 Qd8 20. Qg3 Qe7 21. Bd2 Kh8
22. Rae1 f5 23. Nf2 Qd6 24. g5 Rae8 25. h4 Be6 26. Bxe6 Rxe6 27. Rxe6 Qxe6 28.
b3 Re8 29. Re1 Qd7 30. Qf3 Rxe1+ 31. Bxe1 Kg8 32. h5 Qe6 33. Bd2 Kf7 34. h6 Bf8
35. c3 dxc3 36. Bxc3 Qxb3 37. Qxc6 Qxc3 38. Qd5+ Ke8 39. Qe6+ Kd8 40. Qxb6+ Ke8
41. Qc6+ Kf7 42. Qxa6 Qc1+ 43. Kg2 Qxf4 44. Qc4+ Qxc4 45. dxc4 Ke7 46. Kf3 Kd7
47. Nd3 Bd6 48. Ke3 Kc6 49. Kf3 Kb6 50. Nf4 Bxf4 51. Kxf4 Ka5 52. Ke3 Kxa4 53.
Kd2 Kb3 54. Kd3 Kb4 0-1

[Event "Sparkassen-Open B"]
[Site "Heusenstamm, Martinsee"]
[Date "2021.11.19"]
[Round "2.19"]
[White "Nimrichter, Christian"]
[Black "Burow, Roger"]
[Result "0-1"]
[WhiteElo "1446"]
[BlackElo "1634"]
[PlyCount "50"]
[EventDate "2021.??.??"]
[WhiteTeam "VSG Offenbach"]
[BlackTeam "SV Kelsterbach"]

1. d4 Nf6 2. c4 c5 3. Nf3 cxd4 4. Nxd4 e5 5. Nb5 d5 6. cxd5 Bc5 7. Bg5 Ne4 8.
Be3 Bxe3 9. fxe3 O-O 10. h4 Qf6 11. Qb3 Na6 12. Nd2 Qf2+ 13. Kd1 Ng3 14. Rh3
Bxh3 15. gxh3 Nxf1 16. Kc2 Rac8+ 17. Nc3 Nxe3+ 18. Kb1 Qe1+ 19. Nd1 Nxd1 20.
Nf3 Nc3+ 21. Kc2 Qxe2+ 22. Nd2 Ne4+ 23. Qc3 Qxd2+ 24. Kb1 Qd1+ 25. Qc1 Nd2# 0-1

[Event "Sparkassen-Open B"]
[Site "Heusenstamm, Martinsee"]
[Date "2021.11.19"]
[Round "2.21"]
[White "Akhmatovski, Maxim"]
[Black "Bergner, Matthias"]
[Result "1-0"]
[WhiteElo "1359"]
[BlackElo "1632"]
[PlyCount "77"]
[EventDate "2021.??.??"]
[WhiteTeam "SV Oberursel"]
[BlackTeam "SV Neu-Isenburg"]

1. e4 e6 2. b3 b6 3. d4 g6 4. Bb2 Bg7 5. Nf3 Ne7 6. Bd3 Bb7 7. Nbd2 d5 8. e5 c5
9. c3 Nbc6 10. O-O O-O 11. Re1 cxd4 12. cxd4 Rc8 13. Rc1 Nb4 14. Bf1 a5 15. a3
Rxc1 16. Qxc1 Nbc6 17. Nb1 Qd7 18. Nc3 Rc8 19. Qd2 Na7 20. Qd3 Nf5 21. g4 Ne7
22. Rc1 f5 23. exf6 Bxf6 24. Qe3 Nec6 25. g5 Bg7 26. Bh3 Nd8 27. Re1 Rc6 28.
Ne5 Bxe5 29. Qxe5 Rd6 30. Ne2 Nac6 31. Qe3 Ne7 32. Nf4 Nf5 33. Bxf5 exf5 34. a4
Bc8 35. Ba3 Rc6 36. Qe8+ Qxe8 37. Rxe8+ Kf7 38. Rf8+ Kg7 39. Rxd8 1-0

[Event "Sparkassen-Open B"]
[Site "Heusenstamm, Martinsee"]
[Date "2021.11.19"]
[Round "2.23"]
[White "Merz, Leander"]
[Black "Blank, Stephan"]
[Result "0-1"]
[WhiteElo "1268"]
[BlackElo "1631"]
[PlyCount "94"]
[EventDate "2021.??.??"]
[WhiteTeam "Schachforum Darmstadt"]
[BlackTeam "SC FK Babenhausen"]

1. d4 d5 2. Bf4 Bf5 3. e3 e6 4. Nf3 Bd6 5. Bg3 f6 6. c4 c6 7. Nc3 Ne7 8. Be2
Bc7 9. Rc1 O-O 10. Nh4 Nd7 11. Bxc7 Qxc7 12. Nxf5 Nxf5 13. cxd5 cxd5 14. Nxd5
Qa5+ 15. Nc3 Rac8 16. Qb3 Qb6 17. Bb5 Rfd8 18. O-O Kf7 19. Qa4 Nb8 20. b3 Nd6
21. Bd3 Rc7 22. Qa3 Rdc8 23. Na4 Qa5 24. Rc2 Rxc2 25. Bxc2 Rxc2 26. Qxd6 Qc7
27. Qa3 Nd7 28. h3 b5 29. Nb2 Nb6 30. Nd3 Nd5 31. Nc5 a5 32. e4 b4 33. Qa4 Nc3
34. Qd7+ Qxd7 35. Nxd7 Rxa2 36. Nc5 Rb2 37. Re1 Ne2+ 38. Kh2 Nxd4 39. Ra1 Nxb3
40. Nxb3 Rxb3 41. Rxa5 Rb1 42. Kg3 Rc1 43. Ra7+ Kf8 44. Rb7 Rc3+ 45. Kf4 b3 46.
h4 h6 47. g4 g5+ 0-1

[Event "Sparkassen-Open B"]
[Site "Heusenstamm, Martinsee"]
[Date "2021.11.19"]
[Round "2.25"]
[White "Michalski, Uwe"]
[Black "Alt, Johannes"]
[Result "1-0"]
[WhiteElo "1753"]
[BlackElo "1283"]
[PlyCount "91"]
[EventDate "2021.??.??"]
[WhiteTeam "SF Mainz"]
[BlackTeam "SF Heidesheim"]

1. e4 e6 2. d4 d5 3. Nc3 dxe4 4. Nxe4 Bd7 5. Nf3 Bc6 6. Bd3 Nd7 7. O-O Ngf6 8.
Qe2 Be7 9. Re1 Nxe4 10. Bxe4 Bxe4 11. Qxe4 c6 12. Qg4 Bf6 13. Bf4 h5 14. Qg3
Nb6 15. Rad1 Nd5 16. Bc1 Qc7 17. Ne5 O-O-O 18. c4 Nb6 19. b3 Rhg8 20. a4 Bxe5
21. Rxe5 Nd7 22. Rxh5 Qxg3 23. hxg3 Nf6 24. Rh3 c5 25. Rh4 g5 26. Rh6 Ng4 27.
Rh7 Rd7 28. f3 Nf6 29. Rh6 Ne8 30. Be3 g4 31. Kf2 Nc7 32. Rh5 b6 33. d5 exd5
34. cxd5 gxf3 35. gxf3 Rgd8 36. Rf5 Nxd5 37. Bg5 f6 38. Bc1 Kc7 39. Bb2 Kc6 40.
g4 Rd6 41. Bxf6 Nxf6 42. Rxf6 Rxf6 43. Rxd8 Kc7 44. Rd2 Rg6 45. Kg3 a6 46. f4
1-0

[Event "Sparkassen-Open B"]
[Site "Heusenstamm, Martinsee"]
[Date "2021.11.19"]
[Round "2.26"]
[White "Jordake, Michael"]
[Black "de Boer, Alex"]
[Result "1-0"]
[WhiteElo "1744"]
[BlackElo "1213"]
[PlyCount "115"]
[EventDate "2021.??.??"]
[WhiteTeam "SC Bergen-Enkheim"]
[BlackTeam "SK Bickenbach"]

1. Nc3 e5 2. Nf3 Nc6 3. d4 exd4 4. Nxd4 Nxd4 5. Qxd4 Nf6 6. e4 d6 7. Be2 Be7 8.
O-O O-O 9. h3 b6 10. Re1 Bb7 11. Bf3 Nd7 12. Nd5 Ne5 13. Be2 c6 14. Nxe7+ Qxe7
15. f4 c5 16. Qf2 Nc6 17. c3 Qxe4 18. Ba6 Qxe1+ 19. Qxe1 Bxa6 20. Qd2 Rad8 21.
b3 Rfe8 22. Qd5 Ne7 23. Qf3 Ng6 24. Be3 Re7 25. Re1 Rde8 26. Qg3 f5 27. Bd2
Rxe1+ 28. Bxe1 Re4 29. c4 Nxf4 30. Kh2 g6 31. Bd2 Nh5 32. Qxd6 Kf7 33. Bh6 Re7
34. Bg5 Rb7 35. g4 Ng7 36. Qf6+ Kg8 37. Bh6 Rf7 38. Qd8+ Rf8 39. Qd5+ Rf7 40.
Qa8+ Rf8 41. Qxa7 Rf7 42. Qxa6 fxg4 43. hxg4 Rf6 44. Qa8+ Rf8 45. Qd5+ Rf7 46.
Qd8+ Rf8 47. Qxb6 Re8 48. Bxg7 Kxg7 49. a4 Re2+ 50. Kg3 Re3+ 51. Kf4 Rd3 52. g5
Rd4+ 53. Ke5 Rg4 54. Qf6+ Kg8 55. Qe6+ Kh8 56. Qxg4 h5 57. Qh4 Kh7 58. a5 1-0

[Event "Sparkassen-Open B"]
[Site "Heusenstamm, Martinsee"]
[Date "2021.11.19"]
[Round "2.27"]
[White "John, Volkmar"]
[Black "Klein, Simon"]
[Result "1-0"]
[WhiteElo "1693"]
[BlackElo "1379"]
[PlyCount "67"]
[EventDate "2021.??.??"]
[WhiteTeam "SK Herborn"]
[BlackTeam "SK Hungen"]

1. c4 e5 2. g3 Nf6 3. Bg2 c6 4. d4 Bb4+ 5. Bd2 Qa5 6. dxe5 Bxd2+ 7. Qxd2 Qxe5
8. Nc3 O-O 9. Nf3 Qh5 10. Rd1 Rd8 11. Qd6 Na6 12. O-O Qc5 13. Qxc5 Nxc5 14. b4
Na6 15. a3 Nc7 16. Rd2 d5 17. Rfd1 h6 18. e4 Be6 19. exd5 cxd5 20. cxd5 Bf5 21.
d6 Ne6 22. Nh4 Bg4 23. Bxb7 Rab8 24. Bf3 Rd7 25. Bxg4 Nxg4 26. Nf5 g6 27. Ne7+
Kf8 28. Ne4 Ne5 29. Kg2 Kg7 30. Nc5 Nxc5 31. bxc5 Nc4 32. c6 Nxd2 33. cxd7 Nc4
34. Nc8 1-0

[Event "Sparkassen-Open B"]
[Site "Heusenstamm, Martinsee"]
[Date "2021.11.19"]
[Round "2.28"]
[White "Laux, Filip"]
[Black "Spreer, Lutz"]
[Result "1/2-1/2"]
[WhiteElo "1320"]
[BlackElo "1626"]
[PlyCount "176"]
[EventDate "2021.??.??"]
[WhiteTeam "VSG Offenbach"]
[BlackTeam "1. Burgstädter SK 1914"]

1. e4 d5 2. exd5 Nf6 3. Nf3 Nxd5 4. d4 g6 5. c4 Nb6 6. Nc3 Bg7 7. c5 N6d7 8.
Bc4 O-O 9. O-O Nc6 10. Re1 Re8 11. a3 e5 12. d5 Ne7 13. b4 e4 14. Nd4 Ne5 15.
Bb3 Bg4 16. Qd2 Nf5 17. Rxe4 Nxd4 18. Rxd4 Bf5 19. Bb2 Ng4 20. Rc4 Qe7 21. h3
Bh6 22. Qd1 Ne5 23. Rd4 Rad8 24. d6 cxd6 25. cxd6 Qd7 26. Ba4 Nc6 27. Nd5 Qxd6
28. Bxc6 bxc6 29. Ne3 Qc7 30. Nxf5 gxf5 31. Rxd8 Rxd8 32. Qc2 Qd7 33. Qc3 f6
34. Qxf6 Bg7 35. Qg5 h6 36. Qxg7+ Qxg7 37. Bxg7 Kxg7 38. Rc1 Rd6 39. Rc5 Kf6
40. Kf1 Ke6 41. Ke2 h5 42. Ke3 Kf6 43. Kf4 Rd4+ 44. Ke3 Re4+ 45. Kd3 Re6 46.
Ra5 Re7 47. Ra6 Rd7+ 48. Kc3 Rg7 49. Rxc6+ Ke5 50. Rc5+ Ke4 51. Rc4+ Kd5 52. g3
Re7 53. Kd3 Re1 54. Rc5+ Ke6 55. Ra5 Rd1+ 56. Ke3 Rd7 57. Ra6+ Ke5 58. f4+ Kd5
59. Rf6 Kc4 60. Rc6+ Kb3 61. Ra6 Rc7 62. Kd4 Rc3 63. Ke5 Rxg3 64. Kxf5 Rxh3 65.
Rxa7 Kc4 66. Kg5 Kb5 67. f5 Kb6 68. Ra5 Rh1 69. f6 h4 70. f7 Rg1+ 71. Kf6 h3
72. Rh5 Rf1+ 73. Kg7 Rg1+ 74. Kf8 Rg3 75. a4 Kc7 76. Ke7 Re3+ 77. Kf6 Rf3+ 78.
Rf5 h2 79. f8=Q Rxf5+ 80. Kxf5 h1=Q 81. Qe7+ Kb8 82. Qd8+ Ka7 83. Qc7+ Ka8 84.
Qa5+ Kb8 85. Qb6+ Ka8 86. a5 Qe4+ 87. Kf6 Qe5+ 88. Kf7 Qe8+ 1/2-1/2

[Event "Sparkassen-Open B"]
[Site "Heusenstamm, Martinsee"]
[Date "2021.11.19"]
[Round "2.29"]
[White "Gärtner, Johannes"]
[Black "Meuer, David"]
[Result "1/2-1/2"]
[WhiteElo "1354"]
[BlackElo "1649"]
[PlyCount "138"]
[EventDate "2021.??.??"]
[WhiteTeam "SF Mainz"]
[BlackTeam "SV Lahnstein"]

1. e4 e6 2. d4 d5 3. e5 c5 4. c3 Qb6 5. Nf3 Nc6 6. a3 Nh6 7. b4 cxd4 8. cxd4
Nf5 9. Bb2 Be7 10. Be2 Bd7 11. O-O Rc8 12. Qd3 Nb8 13. Nbd2 Ba4 14. Rac1 O-O
15. Nb3 Bxb3 16. Qxb3 f6 17. g4 Nh6 18. h3 Nf7 19. Qd3 Nc6 20. Qb5 Qxb5 21.
Bxb5 Nb8 22. exf6 Bxf6 23. Rfe1 Nd6 24. Bd3 Rxc1 25. Rxc1 Nc6 26. Re1 Re8 27.
Bc3 a6 28. Kg2 Nb8 29. g5 Bd8 30. h4 g6 31. Ne5 Kg7 32. Kg3 Bb6 33. a4 Nf7 34.
Nf3 Nc6 35. b5 axb5 36. Bxb5 Nfd8 37. Ne5 Bc7 38. f4 Rf8 39. Rf1 Ne7 40. Bd3
Ndc6 41. Rf2 Nc8 42. Nxc6 bxc6 43. a5 Nd6 44. Bb4 Rb8 45. Bxd6 Bxd6 46. a6 c5
47. dxc5 Bxc5 48. Rc2 Bd4 49. Rc7+ Kg8 50. Kg4 e5 51. fxe5 Bxe5 52. Rd7 Rb4+
53. Kf3 Bd4 54. Rxd5 Bb6 55. Rd6 Bg1 56. Be4 Ra4 57. Rf6 Ra3+ 58. Ke2 Ra5 59.
Kd3 Kg7 60. Ke2 Ra4 61. Bd5 Bc5 62. Rf7+ Kh8 63. a7 Rxa7 64. Rxa7 Bxa7 65. Kf3
Kg7 66. Kg4 Bf2 67. h5 gxh5+ 68. Kxh5 Be3 69. Be4 Bxg5 1/2-1/2

[Event "Sparkassen-Open B"]
[Site "Heusenstamm, Martinsee"]
[Date "2021.11.19"]
[Round "2.31"]
[White "Neininger, Sarah"]
[Black "Jahraus, Marlis"]
[Result "0-1"]
[WhiteElo "1380"]
[BlackElo "1590"]
[PlyCount "106"]
[EventDate "2021.??.??"]
[WhiteTeam "VSG Offenbach"]
[BlackTeam "SF Zeutern"]

1. e4 c5 2. c3 Nf6 3. e5 Nd5 4. d4 cxd4 5. Nf3 e6 6. cxd4 b6 7. Bc4 Ba6 8. Nbd2
Bxc4 9. Nxc4 d6 10. Qa4+ Qd7 11. Qxd7+ Kxd7 12. Nxd6 Bxd6 13. exd6 Kxd6 14. Ne5
Ke7 15. b3 Rd8 16. Ba3+ Ke8 17. Nc4 Rd7 18. Nd6+ Kd8 19. Rc1 Na6 20. Rc4 Rb8
21. Ra4 Ndc7 22. Nc4 b5 23. Rxa6 Nxa6 24. Ne5 Rc7 25. Kd2 b4 26. Bb2 Rbc8 27.
Rc1 Rxc1 28. Bxc1 f6 29. Nc4 Rc7 30. a3 Rd7 31. Ke3 Nc7 32. axb4 Nd5+ 33. Ke4
Nxb4 34. Bd2 Nc6 35. Bc3 Rb7 36. Na5 Nxa5 37. Bxa5+ Kd7 38. b4 Rb5 39. Kd3 Kc6
40. Kc4 a6 41. Bd8 Kd6 42. g4 Rb8 43. Ba5 Rc8+ 44. Kd3 Kd5 45. f4 Rc4 46. h4
Rxd4+ 47. Ke3 Rc4 48. g5 fxg5 49. hxg5 Rc3+ 50. Kd2 Rf3 51. Bc7 Kc4 52. Be5
Kxb4 53. Bxg7 Rxf4 0-1